<?xml version="1.0" encoding="UTF-8"?>
<record
    xmlns:xsi="http://www.w3.org/2001/XMLSchema-instance"
    xsi:schemaLocation="http://www.loc.gov/MARC21/slim http://www.loc.gov/standards/marcxml/schema/MARC21slim.xsd"
    xmlns="http://www.loc.gov/MARC21/slim">

  <leader>02584nam a2200337 a 4500</leader>
  <controlfield tag="001">000008911</controlfield>
  <controlfield tag="003">DO-SdBNP</controlfield>
  <controlfield tag="005">20241008113522.0</controlfield>
  <controlfield tag="007">000008911</controlfield>
  <controlfield tag="008">090921s1990  dr  000 0 spa d</controlfield>
  <datafield tag="020" ind1=" " ind2=" ">
    <subfield code="a">8489525358</subfield>
  </datafield>
  <datafield tag="040" ind1=" " ind2=" ">
    <subfield code="a">BPMSU</subfield>
    <subfield code="b">spa</subfield>
    <subfield code="c">BPMSU</subfield>
  </datafield>
  <datafield tag="082" ind1=" " ind2="4">
    <subfield code="a">RD860.9</subfield>
    <subfield code="b">A347e 1990   </subfield>
    <subfield code="2">22</subfield>
  </datafield>
  <datafield tag="100" ind1="1" ind2=" ">
    <subfield code="a">Alc&#xE1;ntara Almanzar, Jos&#xE9;,</subfield>
    <subfield code="d">1946 -</subfield>
  </datafield>
  <datafield tag="245" ind1="1" ind2="4">
    <subfield code="a">Los escritores dominicanos y la cultura /</subfield>
    <subfield code="c">Jos&#xE9; Alc&#xE1;ntara Almanzar.</subfield>
  </datafield>
  <datafield tag="260" ind1=" " ind2=" ">
    <subfield code="a">Santo Domingo :</subfield>
    <subfield code="b">Instituto Tecnol&#xF3;gico de Santo Domingo,</subfield>
    <subfield code="c">1990.</subfield>
  </datafield>
  <datafield tag="300" ind1=" " ind2=" ">
    <subfield code="a">226 p. ;</subfield>
    <subfield code="c">23 cm.</subfield>
  </datafield>
  <datafield tag="490" ind1="0" ind2=" ">
    <subfield code="a">Monograf&#xED;as,</subfield>
    <subfield code="v">21</subfield>
  </datafield>
  <datafield tag="500" ind1=" " ind2=" ">
    <subfield code="a">Incluye referencias bibliogr&#xE1;ficas y notas al pie de las p&#xE1;ginas</subfield>
  </datafield>
  <datafield tag="500" ind1=" " ind2=" ">
    <subfield code="a">Incluye datos biogr&#xE1;ficos del autor en la solapa de la cubierta </subfield>
  </datafield>
  <datafield tag="500" ind1=" " ind2=" ">
    <subfield code="a">Incluye &#xED;ndice onom&#xE1;stico.</subfield>
  </datafield>
  <datafield tag="504" ind1=" " ind2=" ">
    <subfield code="a">Bibliograf&#xED;a: p. 217-218</subfield>
  </datafield>
  <datafield tag="505" ind1="1" ind2=" ">
    <subfield code="a">Pr&#xF3;logo -- Tres poetas -- Manuel Rueda y los caminos de la poes&#xED;a -- Introducci&#xF3;n -- Hombres del pa&#xED;s de nadie -- M&#xE1;scara -- Todos los cuerpos -- La palabra y su sombra -- Testamento abierto -- Los d&#xED;as permitidos -- Conclusi&#xF3;n -- Poesia de Freddy Gat&#xF3;n Arce -- I. Son Guerras y amores: un libro de excelencia po&#xE9;tica -- Los trabajos y los d&#xED;as de un poeta -- Los enigmas de la poes&#xED;a -- Las claves de la vida y la muerte -- Los signos callantes -- F&#xE1;bula de la aldea -- II. Y con auer tanto tiempo -- Introducci&#xF3;n -- La historia en el poema -- Sobre ant&#xED;tesis y dicotom&#xED;as -- Lenguaje y recursos -- Conclusi&#xF3;n -- III. El poniente -- Hitos de discernimiento y cantos comunes de un poeta -- V. Estos d&#xED;as de t&#xED;bar -- Reflexiones sobre la poes&#xED;a de Virgilio D&#xED;az Ordo&#xF1;ez -- II. Escritura y sociedad -- Hostos, el escritor necesario -- Aspectos sociol&#xF3;gicos en la obra de Pedro Henr&#xED;quez Ure&#xF1;a -- Abril del 65 en la literatura dominicana sobre literatura dominicana 1965-1985 -- Introducci&#xF3;n -- La primera d&#xE9;cada: testimonios y compromiso -- El pluralismo -- La segunda d&#xE9;cada: el auge de la narrativa -- Conclusi&#xF3;n -- III. Los escritores y la cultura -- La cultura dominicana: &#xBF;identidad o diversidad? -- Los escritores dominicanos durante la dictadura de Trujillo -- Los escritores y la pol&#xED;tica cultural -- Ap&#xE9;ndice -- Referencias bibliogr&#xE1;ficas -- &#xCD;ndice onom&#xE1;stico.</subfield>
  </datafield>
  <datafield tag="590" ind1=" " ind2=" ">
    <subfield code="a">Inventariado, 2024/VM</subfield>
  </datafield>
  <datafield tag="650" ind1=" " ind2="4">
    <subfield code="a">Literatura dominicana </subfield>
    <subfield code="x">Historia y cr&#xED;tica </subfield>
  </datafield>
  <datafield tag="650" ind1=" " ind2="4">
    <subfield code="a">Literatura y sociedad. </subfield>
  </datafield>
  <datafield tag="650" ind1=" " ind2="4">
    <subfield code="a">Poes&#xED;a dominicana </subfield>
    <subfield code="x">Historia y cr&#xED;tica </subfield>
  </datafield>
  <datafield tag="650" ind1=" " ind2="4">
    <subfield code="a">Autores dominicanos</subfield>
    <subfield code="x">Cr&#xED;tica e interpretaci&#xF3;n</subfield>
  </datafield>
  <datafield tag="910" ind1=" " ind2=" ">
    <subfield code="a">VMateo V. Control de calidad BPMSU</subfield>
  </datafield>
  <datafield tag="942" ind1=" " ind2=" ">
    <subfield code="2">ddc</subfield>
    <subfield code="c">BK</subfield>
  </datafield>
  <datafield tag="952" ind1=" " ind2=" ">
    <subfield code="0">0</subfield>
    <subfield code="1">0</subfield>
    <subfield code="2">ddc</subfield>
    <subfield code="4">0</subfield>
    <subfield code="7">0</subfield>
    <subfield code="8">CD</subfield>
    <subfield code="a">BPMET</subfield>
    <subfield code="b">BPMET</subfield>
    <subfield code="d">2015-08-10</subfield>
    <subfield code="e">FUNDI</subfield>
    <subfield code="l">0</subfield>
    <subfield code="o">BPMSU CD RD860.9 A347e 1990</subfield>
    <subfield code="p">BPMSU15080264</subfield>
    <subfield code="r">2015-08-10</subfield>
    <subfield code="t"> </subfield>
    <subfield code="w">2015-08-10</subfield>
    <subfield code="y">BK</subfield>
  </datafield>
  <datafield tag="952" ind1=" " ind2=" ">
    <subfield code="0">0</subfield>
    <subfield code="1">0</subfield>
    <subfield code="2">ddc</subfield>
    <subfield code="4">0</subfield>
    <subfield code="7">0</subfield>
    <subfield code="8">CD</subfield>
    <subfield code="a">BPMET</subfield>
    <subfield code="b">BPMET</subfield>
    <subfield code="d">2015-08-10</subfield>
    <subfield code="e">FUNDI</subfield>
    <subfield code="l">0</subfield>
    <subfield code="o">BPMSU CD RD860.9 A347e 1990</subfield>
    <subfield code="p">BPMSU15080265</subfield>
    <subfield code="r">2015-08-10</subfield>
    <subfield code="t">e.2</subfield>
    <subfield code="w">2015-08-10</subfield>
    <subfield code="y">BK</subfield>
  </datafield>
  <datafield tag="999" ind1=" " ind2=" ">
    <subfield code="c">8156</subfield>
    <subfield code="d">8156</subfield>
  </datafield>
</record>
